Lives on the mend / (Record no. 12994)

MARC details
000 -LEADER
fixed length control field 00941cam a2200265 a 4500
001 - CONTROL NUMBER
control field 4751482
005 - DATE AND TIME OF LATEST TRANSACTION
control field 19921030103101.4
008 - FIXED-LENGTH DATA ELEMENTS--GENERAL INFORMATION
fixed length control field 850828s1985 txu b 000 0 eng
010 ## - LIBRARY OF CONGRESS CONTROL NUMBER
LC control number 85020352
020 ## - INTERNATIONAL STANDARD BOOK NUMBER
International Standard Book Number 0849904870 (pbk.) :
040 ## - CATALOGING SOURCE
Original cataloging agency DLC
Transcribing agency DLC
Modifying agency DLC
050 00 - LIBRARY OF CONGRESS CALL NUMBER
Classification number BJ1610
Item number .L58 1985
082 00 - DEWEY DECIMAL CLASSIFICATION NUMBER
Classification number 248.843
Edition number 19
Item number LIT
100 1# - MAIN ENTRY--PERSONAL NAME
Personal name Littauer, Florence,
Dates associated with a name 1928-
9 (RLIN) 9695
245 10 - TITLE STATEMENT
Title Lives on the mend /
Statement of responsibility, etc Florence Littauer.
260 ## - PUBLICATION, DISTRIBUTION, ETC. (IMPRINT)
Place of publication, distribution, etc Waco, Tex. :
Name of publisher, distributor, etc Word Books Publisher,
Date of publication, distribution, etc c1985.
300 ## - PHYSICAL DESCRIPTION
Extent 257 p. ;
Dimensions 22 cm.
500 ## - GENERAL NOTE
General note Donations.
500 ## - GENERAL NOTE
General note Donated By: Sharzad Nur.
504 ## - BIBLIOGRAPHY, ETC. NOTE
Bibliography, etc Bibliography: p. 254-257.
650 #0 - SUBJECT ADDED ENTRY--TOPICAL TERM
Topical term or geographic name as entry element Women
General subdivision Conduct of life
-- Case studies.
9 (RLIN) 9696
650 #0 - SUBJECT ADDED ENTRY--TOPICAL TERM
Topical term or geographic name as entry element Christian women
General subdivision Religious life
-- Case studies.
9 (RLIN) 9697
942 ## - ADDED ENTRY ELEMENTS (KOHA)
Source of classification or shelving scheme Dewey Decimal Classification
Item type Book - Borrowing
Holdings
Withdrawn status Item status Source of classification or shelving scheme Damaged status Not for loan Vendor Home library Current library Shelving location Date acquired Source of acquisition Total Checkouts Full call number Barcode Date last seen Koha item type Public note
    Dewey Decimal Classification       Central Library Central Library Lower Floor 07/12/2009     248.843 LIT 000018155 15/07/2025 Book - Borrowing Donated By: Sharzad Nur.